| 000 | 00811cam a2200205 4500 | ||
|---|---|---|---|
| 001 | WB3728-11 | ||
| 008 | 010717n2001 000 0 eng u | ||
| 035 | _a(Sirsi) u113667 | ||
| 245 | _aRICS thinks BIG | ||
| 260 | _c2001 | ||
| 490 |
_aRICS Press Release _v(pr094) 12 July 2001, (2) |
||
| 520 | _aRICS has rewritten guidance on gap funding so that it can be understood and used by UK developers. This will hopefully increase the likelihood of brownfield sites being developed. The Partnership Investment Programme replacement scheme is now referred to as BIG - Brownfield Improvement Grant. | ||
| 590 | _aWB | ||
| 650 | _aGUIDANCE | ||
| 650 | _aBROWNFIELD IMPROVEMENT GRANT | ||
| 650 | _aPARTNERSHIP INVESTMENT PROGRAMME | ||
| 650 | _aGAP FUNDING | ||
| 690 | _aDEVELOPMENT-SUSTAINABLE | ||
| 942 | _n0 | ||
| 999 |
_c67731 _d67731 |
||